| 000 | 00821nas a2200253 4500 | ||
|---|---|---|---|
| 001 | BR8705206 | ||
| 003 | BR-BrBNA | ||
| 005 | 20231205090756.0 | ||
| 007 | ta | ||
| 008 | 230509b bl.|||p| |||| 00| 00por d | ||
| 040 |
_aBR-BrBNA _bpor _cBiblioteca Nacional de Agricultura |
||
| 041 | _a(Pt) | ||
| 072 | _aP40; F01; F07 | ||
| 100 | 1 | _aCastro Neto, P. | |
| 100 | 1 | _aVilela, E. de A. | |
| 245 | 1 | _aVeranico: um problema de seca no periodo chuvoso | |
| 246 | 1 | _a["Short summer": a drought problem in the rainy season] | |
| 650 | _aESTIAGEM | ||
| 650 | _aSECA | ||
| 650 | _aMINAS GERAIS | ||
| 773 | 0 |
_tInforme Agropecuario - Empresa de Pesquisa Agropecuaria de Minas Gerais (Brazil) _xISSN 0100-3364 _g(Jun 1986), v. 12(138) p. 59-62 _wBR8705206 |
|
| 909 |
_a202311 _bLúcia _c55 _dLúcia Elande |
||
| 942 |
_2AGRIS _n0 _cANA |
||
| 999 |
_c120767 _d120767 |
||